UK Geography By Letter - E - Statistics

General Stats
  • This quiz has been taken 61 times
  • The average score is 8 of 15
Answer Stats
Hint Answer % Correct
Capital city of Scotland Edinburgh
100%
Constituent country of the UK England
89%
Ceremonial county, home to Chelmsford Essex
89%
Berkshire town known for its prestigious college and meringue-based dessert Eton
77%
County town of Devon Exeter
75%
Small city in Cambridgeshire known for its cathedral Ely
64%
London boroughs Ealing
58%
Town and seaside resort in East Sussex Eastbourne
55%
Cornish botanical garden with large plastic domes Eden Project
55%
Major central London railway terminus Euston
49%
National park in Somerset and Devon Exmoor
49%
Large ancient woodland in North London Epping Forest
34%
Enfield
17%
What Snowdonia is known as in Welsh Eryri
8%
Westernmost bridge over the river Clyde Erskine Bridge
6%
No matching quizzes found
Score Distribution
Percent of People with Each Score
Percentile by Number Answered
Your Score History
You have not taken this quiz